|
|
|
|
| LEADER |
00000cam a2200000 a 4500 |
| 001 |
vtls010568014 |
| 003 |
SK-MaSNL |
| 005 |
20260426013008.0 |
| 008 |
220509s2013 xo oac frn 000 0 slo |
| 015 |
|
|
|a SNBA2014/01
|
| 020 |
|
|
|a 9788055407203
|q (brožované)
|
| 035 |
|
|
|a urn:nbn:sk:snk-am00gmts
|
| 035 |
|
|
|a urn:nbn:sk:snk-am3j4ay
|
| 035 |
|
|
|a AA8D5078-042F-4890-BD82-304393F60CDF
|
| 040 |
|
|
|a SNK
|b slo
|c SNK
|e AACR2
|
| 041 |
0 |
|
|a slo
|
| 043 |
|
|
|a e-xo---
|a e-xr---
|
| 044 |
|
|
|a xo
|c SK
|
| 072 |
|
7 |
|a 904
|x Kultúrne pamiatky historického obdobia všeobecne
|2 konspekt
|
| 072 |
|
7 |
|a 374
|x Výchova a vzdelávanie dospelých. Mimoškolská výchova a vzdelávanie
|2 konspekt
|
| 072 |
|
7 |
|a 930.85
|x Dejiny civilizácie. Kultúrne dejiny
|2 konspekt
|
| 080 |
|
|
|a 904
|2 2011
|
| 080 |
|
|
|a 374.72
|2 2011
|
| 080 |
|
|
|a 930.85
|2 2011
|
| 080 |
|
|
|a (437.6)
|2 2011
|
| 080 |
|
|
|a (437.3)
|2 2011
|
| 080 |
|
|
|a (079)
|2 2011
|
| 080 |
|
|
|a (082)
|2 2011
|
| 245 |
0 |
0 |
|a Delíme sa o poznanie
|b zborník vybraných záverečných prác študentov Univerzity tretieho veku z akademického roku 2012/2013
|c [zostavovateľ Jana Sňahničanová]
|
| 250 |
|
|
|a 1. vyd.
|
| 260 |
|
|
|a Žilina
|b Edis
|b Žilinská univerzita
|c 2013
|
| 300 |
|
|
|a 61 strán
|b fotografie, ilustrácie, portréty
|c 30 cm
|
| 366 |
|
|
|e 130 kusov
|
| 500 |
|
|
|a Čiastočne text česky
|
| 504 |
|
|
|a Obsahuje bibliografické odkazy
|
| 610 |
2 |
7 |
|a Žilinská univerzita v Žiline.
|b Ústav celoživotného vzdelávania
|2 SNKKA
|9 175849
|
| 610 |
2 |
7 |
|a Univerzita Karlova.
|b Filozofická fakulta
|2 SNKKA
|9 52129
|
| 648 |
|
7 |
|a 2012-2013
|2 SNKPH
|9 332510
|
| 650 |
0 |
7 |
|a pamiatky
|2 SNKPH
|9 3808
|
| 650 |
0 |
7 |
|a Antiquities
|2 SNKPHeng
|9 101106
|
| 650 |
0 |
7 |
|a univerzity tretieho veku
|2 SNKPH
|9 17473
|
| 650 |
0 |
7 |
|a Free universities
|2 SNKPHeng
|9 268408
|
| 650 |
0 |
7 |
|a dejiny civilizácie
|2 SNKPH
|9 4306
|
| 650 |
0 |
7 |
|a History of civilization
|2 SNKPHeng
|9 286157
|
| 650 |
0 |
7 |
|a kultúrne dejiny
|2 SNKPH
|9 4307
|
| 650 |
0 |
7 |
|a Cultural history
|2 SNKPHeng
|9 267439
|
| 651 |
|
7 |
|a Slovensko
|2 SNKPHgeo
|9 14231
|
| 651 |
|
7 |
|a Česko
|2 SNKPHgeo
|9 16753
|
| 651 |
|
7 |
|a Slovakia
|2 SNKPHeng
|9 92630
|
| 651 |
|
7 |
|a Czechia
|2 SNKPHeng
|9 170107
|
| 655 |
|
7 |
|a záverečné práce
|2 SNKPH
|9 73119
|
| 655 |
|
7 |
|a Final theses
|2 SNKPHeng
|9 354320
|
| 655 |
|
7 |
|a zborníky
|2 SNKPH
|9 70165
|
| 655 |
|
7 |
|a Miscellanea
|2 SNKPHeng
|9 265155
|
| 700 |
1 |
|
|a Sňahničanová, Jana
|4 com
|9 354321
|
| 919 |
|
|
|a 978-80-554-0720-3
|
| 958 |
|
|
|a ART
|
| 958 |
|
|
|a NB
|
| 958 |
|
|
|a OND
|
| 999 |
|
|
|c 1111513
|d 1113443
|
| 952 |
|
|
|a SNK
|b SNK
|y PREZ
|7 0
|p 17A1094201
|o snkSB 86043
|i snk2014/604
|8 0
|0 0
|1 0
|4 0
|d 2014-01-09
|l 0
|r 2025-05-07 00:00:00
|w 2026-02-24
|
| 952 |
|
|
|a SNK
|b SNK
|y VYP
|7 0
|p 17A1094202
|o snkSB 86043 D1
|i snk2014/605
|8 0
|0 0
|1 0
|4 0
|d 2014-01-09
|l 0
|r 2016-06-30 00:00:00
|w 2026-02-24
|